Word Chain - Harry Potter Universe - Statistics

General Stats
  • This quiz has been taken 2,876 times
  • The average score is 19 of 27
Answer Stats
Hint Answer % Correct
Harry _________, the boy who lived Potter
100%
Fellow Gryffindor, _________ Longbottom Neville
99%
Harry's best friend Ron
99%
Albus ________________, headmaster of Hogwart's Dumbledore
98%
________ Black, dog lover and Lupin's buddy Sirius
94%
Fourth house of Hogwarts: Gryffindor, Hufflepuff, Slytherin, and ______________ Ravenclaw
92%
________ Lupin, your friendly neighborhood werewolf Remus
92%
Type of animal that Fawkes is; Order of the ___________ Phoenix
91%
Month when the names were pulled from the Goblet of Fire. October
84%
Harry (and his dad) have a patronus in this animal's shape Stag
82%
Nymphadora ___________, member of Order of Phoenix, wife of Remus Lupin Tonks
82%
_____________ Lockhart, author/professor/narcissist/blowhard Gilderoy
78%
The animal hidden in the Chamber of Secrets; even spiders fear it Basilisk
77%
___________'s Hollow - where Harry's parents lived at the time of their deaths Godric
74%
Newt ______________, author of Fantastic Beasts Scamander
74%
The Mirror of __________, shows the viewers deepest desires Erised
73%
Luna's dad - _________________ Lovegood Xenophilius
72%
The _____________ Willow, fearsome flora guardian Whomping
68%
Hagrid's dog's name Fang
66%
Someone born without magical powers in a magical family Squib
62%
Igor _______________, Headmaster of Durmstrang School during Triwizard Tournament Karkaroff
61%
Name of Hagrid's giant brother Grawp
59%
The spell to make a target swell in size Engorgio
56%
Type of wood Tom Riddle/Voldemort's original wand Yew
38%
A type of spell that adds or changes the properties of the subject of the spell. Ex: Fidelius, Obliviate, Patronus Charm
34%
High wizard court of law; Dumbledore once served as its Chief Warlock Wizengamot
29%
Supreme _____________, Dumbledore's title in the International Confederation of Wizards Mugwump
16%
No matching quizzes found
Score Distribution
Percent of People with Each Score
Percentile by Number Answered
Your Score History
You have not taken this quiz